000 00447nam a2200145Ia 4500
003 GCL
008 140319s9999 xx 000 0 ara d
040 _aGCL /
_cGCL
082 0 4 _a811.9
_bا ا
100 1 _aاحمد محمد النقيب
_vComposer
_@
…لحن
245 1 0 _aامنية للعالم /
_cاحمد محمد النقيب
700 1 _aمحمد زكريا عنانى
300 _a159 ص
490 _aاشراقات ادبية
_v0
999 _c37823
_d37823